Score 0/110 Timer 15:00
3 Plays Today
Season Episode % Correct
Season 1City Of
93.6%
Season 2Darla
86.2%
Season 1Hero
86.1%
Season 1She
86%
Season 1To Shanshu in L.A.
84.5%
Season 1Lonely Hearts
82.1%
Season 1I Will Remember You
81.5%
Season 1Room with a View
81.4%
Season 5Not Fade Away
81.3%
Season 2There's No Place Like Plrtz Glrb
81.1%
Season 5Smile Time
80.9%
Season 2Over the Rainbow
80.9%
Season 1Five by Five
80.9%
Season 5A Hole in the World
79.7%
Season 1I Fall to Pieces
78.9%
Season 3Dad
78.6%
Season 2Through the Looking Glass
77.6%
Season 4Home
77.2%
Season 1The Ring
77.2%
Season 1In the Dark
77%
Season 2Are You Now or Have You Ever Been
76.9%
Season 1Sanctuary
76.8%
Season 1The Bachelor Party
76.7%
Season 3Fredless
76.5%
Season 1Parting Gifts
75.7%
Season 1Expecting
75.7%
Season 3Birthday
75.2%
Season 3Waiting in the Wings
75%
Season 2Judgment
74.6%
Season 1War Zone
74.4%
Season 5The Girl in Question
73.9%
Season 2Disharmony
73.8%
Season 4Shiny Happy People
73.7%
Season 5Shells
73.4%
Season 1Sense and Sensitivity
73.1%
Season 1Somnambulist
73%
Season 4Deep Down
72.9%
Season Episode % Correct
Season 3Billy
72.9%
Season 3That Old Gang of Mine
72.8%
Season 4Orpheus
72.4%
Season 4Spin the Bottle
72.3%
Season 1Blind Date
72.2%
Season 2Dear Boy
72.1%
Season 5You're Welcome
71.9%
Season 3Lullaby
71.5%
Season 3Heartthrob
71.4%
Season 2Epiphany
71.4%
Season 4The House Always Wins
71.4%
Season 4Soulless
71.1%
Season 1Eternity
71%
Season 2The Trial
70.9%
Season 5Harm's Way
70.3%
Season 5Life of the Party
70.3%
Season 4The Magic Bullet
70.3%
Season 4Apocalypse, Nowish
70.1%
Season 3Tomorrow
70%
Season 2Guise Will Be Guise
69.9%
Season 5Conviction
69.6%
Season 5Power Play
69.5%
Season 2Reunion
69.2%
Season 3That Vision Thing
69.1%
Season 1I've Got You Under My Skin
69.1%
Season 1The Prodigal
68.7%
Season 5Why We Fight
68.1%
Season 2The Thin Dead Line
68.1%
Season 2The Shroud of Rahmon
68%
Season 5The Cautionary Tale of Numero Cinco
67.4%
Season 3Provider
66.7%
Season 5Time Bomb
66%
Season 2Blood Money
65.5%
Season 4Calvary
65.3%
Season 2Happy Anniversary
65.1%
Season 2Redefinition
64.5%
Season 5Hell-Bound
64.4%
Season Episode % Correct
Season 2Reprise
64.2%
Season 3Quickening
64%
Season 5Destiny
64%
Season 4Slouching Toward Bethlehem
63.6%
Season 4Habeas Corpses
63.6%
Season 3Benediction
63.1%
Season 4Ground State
63%
Season 4Supersymmetry
62.8%
Season 3Couplet
62.6%
Season 5Lineage
62.5%
Season 3Carpe Noctem
62.3%
Season 3Offspring
62%
Season 3Double or Nothing
61.9%
Season 2Untouched
61.5%
Season 4Peace Out
61.4%
Season 4Salvage
61.4%
Season 2Belonging
61.3%
Season 5Unleashed
61.1%
Season 5Soul Purpose
60.8%
Season 5Damage
60.7%
Season 5Origin
60.6%
Season 3Loyalty
60.4%
Season 4Awakening
60%
Season 3Sleep Tight
59.5%
Season 5Underneath
59.5%
Season 3A New World
59.4%
Season 3The Price
59.1%
Season 2Dead End
58.8%
Season 5Just Rewards
58.3%
Season 4Release
57.9%
Season 3Forgiving
57.7%
Season 2First Impressions
57.3%
Season 4Sacrifice
56.8%
Season 4Players
56.7%
Season 4Inside Out
54.6%
Season 4Long Day's Journey
52.7%

You're not logged in!

Compare scores with friends on all Sporcle quizzes.
OR
Log In

From the Vault

Literary Sixes

by NJSB

If good things come in threes, we can only imagine what must come in sixes.
Remove Ads.
Support Sporcle.
Get the best of Sporcle when you Go Orange. This ad-free experience offers more features, more stats, and more fun while also helping to support Sporcle. Thank you for becoming a member.

Show Comments

Extras

Top Quizzes Today


Score Distribution

Your Account Isn't Verified!

In order to create a playlist on Sporcle, you need to verify the email address you used during registration. Go to your Sporcle Settings to finish the process.

Report this User

Report this user for behavior that violates our Community Guidelines.

Details: